书目信息 |
| 题名: |
电子计算器使用手册
|
|
| 作者: | 林长朝 编著 | |
| 分册: | ||
| 出版信息: | 福州 福建科学技术出版社 1982 |
|
| 页数: | 571页 | |
| 开本: | 19cm | |
| 丛书名: | ||
| 单 册: | ||
| 中图分类: | O1-8 | |
| 科图分类: | ||
| 主题词: | 电子计算器--应用 | |
| 电子资源: | ||
| ISBN: | ||
| 000 | 00647nam0 2200241 45 | |
| 001 | 0182001067 | |
| 005 | 20040701151542.1 | |
| 010 | @dCNY1.60 | |
| 091 | @a15211.6 | |
| 100 | @a19950619d1982 em y0chiy0121 ea | |
| 101 | 0 | @achi |
| 102 | @aCN@b350000 | |
| 105 | @ay z 000yy | |
| 106 | @ar | |
| 200 | 10 | @a电子计算器使用手册@Adian zi ji suan qi shi yong shou ce@f林长朝编著 |
| 210 | @a福州@c福建科学技术出版社@d1982 | |
| 215 | @a571页@d19cm | |
| 606 | @a电子计算器@x应用 | |
| 690 | @aO1-8@v3 | |
| 701 | 0 | @a林长朝@Alin chang chao@4编著 |
| 801 | 0 | @aCN@b上海图书馆@c20040521 |
| 801 | 2 | @aCN@bNLC@c20040521 |
| 905 | @dO1-8@e136@f1@b146999 | |
| 电子计算器使用手册/林长朝编著.-福州:福建科学技术出版社,1982 |
| 571页;19cm |
| ISBN :CNY1.60 |
| ● |
| 相关链接 |
|
|
|
|
正题名:电子计算器使用手册
索取号:O1-8/136
 
预约/预借
| 序号 | 登录号 | 条形码 | 馆藏地/架位号 | 状态 | 备注 |
| 1 | 0146999 | 001941493 | 第三借阅区/ [索取号:O1-8/136] | 在馆 | |
| 2 | 0147000 | 001247939 | 第三借阅区/ [索取号:O1-8/136] | 在馆 | |
| 3 | 0147001 | 001247920 | 第二样本阅览室/ [索取号:O1-8/136] | 在馆 |